00743nam a2200217 i 450000100060000000300090000600500170001500700030003200800410003510000410007624500520011725000270016926000580019630000220025449000250027665000240030183000300032585200320035599900170038795201210040489482ES-MaACL20251015063109.0t|050111s1958 fr ||||1| fre d1 aLantier, Raymond, d1886-198097010313aLa vie préhistorique / cpar Raymond Lantier. a3eme ed., rev et corr. aParís : bPresses Universitaires de France, c1958. a135 p. ; c18 cm.1 aQue sais-je? ; v53504aPrehistoria.91634300aQue sais-je?v5359180931 aES-MaACLjC-15610 bR.43460 c89482d89482 00104070aATENEOMbATENEOMcFICHd2008-01-17eSCl0oC-15610p1093452r2023-02-23 00:00:00w2023-02-23yMONOGRAFIA